000 00375cam a2200157ua 4500
041 _aeng
_h
082 _a633.74
_bCHA/CO
100 _aChatt, Eleen .M .
245 _aCocoa /
_cM.Eileen Chatt.
_hTextual Documents
250 _a1 /
_b.
260 _aNewyork :
_bInterscience publishers ,
_c1953.
300 _a302 ; .
504 _a
942 _cBK
999 _c1297
_d1297